ბათუმის შოთა რუსთაველის სახელმწიფო უნივერსიტეტის ბიბლიოთეკა

ახალი აღთქმა = H Kainh Diaohkh = Novum Testamentum : (ბიბ.ჩანაწერი № 63728)

000 -ლიდერი
ფიქსირებული სიგრძის საკონტროლო ველი 01486nam a22002057a 4500
003 - საკონტროლო ნომრის იდენტიფიკატორი
საკონტროლო ველი Ge_BSU
005 - ბოლო ოპერაციის თარიღი და დრო
საკონტროლო ველი 20251216182828.0
008 - ფიქსირებული სიგრძის მონაცემთა ელემენტები - ზოგადი ინფორმაცია
ფიქსირებული სიგრძის საკონტროლო ველი 251216s2025 ge ||||| |||| 00| 0 geo d
020 ## - წიგნის საერთაშორისო სტანდარტული ნომერი
International Standard Book Number 9789941994272
041 ## - ენის კოდი
Language code of text/sound track or separate title geo
080 ## - უნივერსალური ათობითი კლასიფიკაციის ინდექსი
Universal Decimal Classification number 27-246 ა-94
245 ## - ცნობა სათაურის შესახებ
Title ახალი აღთქმა = H Kainh Diaohkh = Novum Testamentum :
Remainder of title წმ. გიორგი მთაწმინდელის რედაქციის კრიტიკულად დადგენილი ტექსტის მე-2 სრული გამოცემის მიხედვით /
Statement of responsibility, etc რედაქტორი ნოდარ დუგლაძე; ქართული ტექსტის აკრეფა თ. ჩიხლაძე;
264 ## - წარმოების, გამოცემის, დისტრიბუციის და სხვა ცნობები
გამოცემის, წარმოების, დისტრიბუციის... ადგილი თბილისი :
გამოცემის, წარმოების, დისტრიბუციის... სახელწოდება საქართველოს ეროვნული ბიბლიოთეკა,
გამოცემის, წარმოების, დისტრიბუციის... თარიღი 2025.
300 ## - ფიზიკური აღწერა
Extent 628 გვ. ;
Other physical details 30 სმ.
500 ## - ზოგადი შენიშვნა
General note გარეკანი, თავფურცელი და ტექსტი ძველბერძნულ, ლათინურ და ქართულ ენებზე.
653 ## - INDEX TERM--UNCONTROLLED
Uncontrolled term ახალი აღთქმა
700 ## - ADDED ENTRY--PERSONAL NAME
Personal name დუგლაძე, ნოდარ
Relator term რედაქტორი, წინასიტყვაობის ავტორი
9 (RLIN) 26530
700 ## - ADDED ENTRY--PERSONAL NAME
Personal name ჩიხლაძე, თ.
Relator term ქართული ტექსტის აკრეფა
9 (RLIN) 26531
942 ## - ADDED ENTRY ELEMENTS (KOHA)
Source of classification or shelving scheme
Koha item type წიგნი
ეგზემპლარები
ჩამოწერის სტატუსი დაკარგული ეგზემპლარის სტატუსი კლასიფიკაციის წყარო ან თაროზე გაწყობის სქემა დაზიანების სტატუსი არ გაიცემა მუდმივი მდებარეობა (დაცვის ადგილი) ამჟამინდელი ადგილსამყოფელი თაროზე განთავსების ადგილი შეძენის თარიღი ღირებულება, შესყიდვის ნორმალური ფასი სრული შენახვის შიფრი შტრიხკოდი ბოლო ოპერაციის თარიღი ეგზემპლარის მიმდევრობითი ნომერი (კეტერი?) Uniform Resource Identifier ფასის ძალაში შესვლის თარიღი ეგზემპლარის სახეობა საჯარო შენიშვნა
          ბათუმის შოთა რუსთაველის სახელმწიფო უნივერსიტეტის მთავარი ბიბლიოთეკა ბათუმის შოთა რუსთაველის სახელმწიფო უნივერსიტეტის მთავარი ბიბლიოთეკა წიგნსაცავი 2025-12-16 20.00 27-246 ა-94 73291 2025-12-16 73291 საჩუქარი საქართველოს ეროვნული ბიბლიოთეკისაგან 2025-12-16 წიგნი 20 ლ.